[Event "EOBCC 2020"]
[Site "Online"]
[Date "2020.12.18"]
[Round "6.134"]
[White "Marjanovic, Annamaria"]
[Black "Malicka, Maria"]
[Result "1-0"]
[WhiteElo "2338"]
[BlackElo "2291"]
[Annotator "NA"]
[PlyCount "87"]
[EventDate "2020.12.18"]
[EventType "tourn"]
[EventCountry "NET"]
[SourceTitle "playchess.com"]
[Source "ChessBase"]
[SourceQuality "1"]

1. c4 e5 2. g3 Nf6 3. Bg2 Nc6 4. Nc3 Bc5 5. e3 d5 6. Nxd5 Nxd5 7. cxd5 Nb4 8. d3 Nxd5 9. Nf3 Bd6 10. O-O O-O 11. e4 Ne7 12. d4 Nc6 13. dxe5 Nxe5 14. Nd4 Bc5 15. Nb3 Bb6 16. Qc2 Bg4 17. Qc3 Qf6 18. Kh1 Bf3 19. Bf4 Bxg2+ 20. Kxg2 Ng4 21. Qxf6 Nxf6 22. f3 Rad8 23. Rfd1 Rfe8 24. Kf1 Kf8 25. Ke2 Ke7 26. Bg5 h6 27. Bd2 Rd7 28. Bb4+ Kd8 29. Rxd7+ Kxd7 30. a4 a6 31. Bc3 Ke7 32. Nd2 Rd8 33. Nc4 Bd4 34. Bxd4 Rxd4 35. Ne3 Rd7 36. Nf5+ Ke6 37. Nxg7+ Ke5 38. Nf5 Rd8 39. Nxh6 Nh5 40. Ng4+ Ke6 41. Rd1 Re8 42. Ne3 c6 43. Nf5 Nf6 44. Ng7+ 1-0

[Event "EOBCC 2020"]
[Site "Online"]
[Date "2020.12.18"]
[Round "6.135"]
[White "Burkart, Patrick"]
[Black "Chyzy, Jakub"]
[Result "1-0"]
[WhiteElo "2322"]
[BlackElo "2250"]
[Annotator "NA"]
[PlyCount "73"]
[EventDate "2020.12.18"]
[EventType "tourn"]
[EventCountry "NET"]
[SourceTitle "playchess.com"]
[Source "ChessBase"]
[SourceQuality "1"]

1. d4 d5 2. c4 e6 3. Nf3 Nf6 4. Bg5 Be7 5. e3 O-O 6. Nc3 Nbd7 7. Qc2 c6 8. Rd1 a6 9. a3 dxc4 10. Bxc4 b5 11. Bd3 Bb7 12. Ne4 Nxe4 13. Bxe7 Qxe7 14. Bxe4 Nf6 15. Bd3 Rac8 16. b4 a5 17. Qc5 Qc7 18. O-O Nd7 19. Qc2 Qd6 20. Bxh7+ Kh8 21. bxa5 g6 22. Bxg6 fxg6 23. Qxg6 Qe7 24. Ne5 Nxe5 25. dxe5 Rf7 26. Rd6 Re8 27. Rfd1 c5 28. Rd7 Rg8 29. Rxe7 Rxg6 30. Rxf7 Bd5 31. e4 Bxe4 32. Rd8+ Rg8 33. Rxg8+ Kxg8 34. Rc7 b4 35. axb4 cxb4 36. Rc8+ Kf7 37. Rb8 1-0

[Event "EOBCC 2020"]
[Site "Online"]
[Date "2020.12.18"]
[Round "6.136"]
[White "Sochacki, Wojtek"]
[Black "Fiedorek, Michal"]
[Result "1-0"]
[WhiteElo "2320"]
[BlackElo "2176"]
[Annotator "NA"]
[PlyCount "95"]
[EventDate "2020.12.18"]
[EventType "tourn"]
[EventCountry "NET"]
[SourceTitle "playchess.com"]
[Source "ChessBase"]
[SourceQuality "1"]

1. e4 c5 2. Nf3 d6 3. d4 cxd4 4. Qxd4 Nf6 5. h3 Nc6 6. Qe3 g6 7. c4 Bg7 8. Nc3 O-O 9. Be2 Be6 10. O-O Rc8 11. Rd1 Qa5 12. Bd2 Qc5 13. Rac1 Qxe3 14. Bxe3 Nd7 15. b3 Nc5 16. Ng5 h6 17. Bxc5 hxg5 18. Be3 Bf6 19. Nd5 Bxd5 20. cxd5 Ne5 21. a4 a6 22. g3 Kg7 23. f4 gxf4 24. gxf4 Nd7 25. Bg4 Rxc1 26. Rxc1 Nc5 27. e5 Bh4 28. Bxc5 dxc5 29. Rxc5 Bg3 30. Rc4 Rd8 31. Bf3 f6 32. Kg2 Be1 33. Rc7 fxe5 34. fxe5 Bh4 35. Rxb7 Kf8 36. Be4 Rc8 37. Kf3 Rc3+ 38. Kg4 Bf2 39. Bxg6 Rg3+ 40. Kf5 Be3 41. h4 Bd2 42. d6 exd6 43. exd6 Rf3+ 44. Ke6 Re3+ 45. Kd5 Rg3 46. h5 Bf4 47. Rf7+ Kg8 48. Rxf4 1-0

[Event "EOBCC 2020"]
[Site "Online"]
[Date "2020.12.18"]
[Round "6.137"]
[White "Vesselovsky, Serguei"]
[Black "Wolagiewicz, Kinga"]
[Result "1-0"]
[WhiteElo "2316"]
[BlackElo "1791"]
[Annotator "NA"]
[PlyCount "95"]
[EventDate "2020.12.18"]
[EventType "tourn"]
[EventCountry "NET"]
[SourceTitle "playchess.com"]
[Source "ChessBase"]
[SourceQuality "1"]

1. e4 c6 2. d4 d5 3. Nc3 dxe4 4. Nxe4 Nf6 5. Nxf6+ exf6 6. Ne2 Bd6 7. g3 O-O 8. Bg2 Re8 9. O-O Nd7 10. c4 Nf8 11. Nc3 Be6 12. d5 cxd5 13. Nxd5 Rc8 14. Qd3 b6 15. Be3 Be5 16. Rab1 Nd7 17. b4 Bb8 18. f4 f5 19. Bd4 g6 20. Rbc1 h5 21. Bb2 Kh7 22. Qd4 Rg8 23. c5 bxc5 24. bxc5 Bxd5 25. Qxd5 Rf8 26. Rfd1 Rc7 27. c6 a5 28. cxd7 Ba7+ 29. Kh1 Rxc1 30. Rxc1 Qe7 31. Rd1 Rd8 32. Qe5 Qf8 33. Qc7 Bc5 34. Bf6 Be7 35. Qe5 Bxf6 36. Qxf6 a4 37. h4 a3 38. Bd5 Kg8 39. Qxg6+ Qg7 40. Bxf7+ Kf8 41. Qxg7+ Kxg7 42. Bxh5 Kf8 43. Be8 Ke7 44. Rc1 Rxe8 45. dxe8=Q+ Kxe8 46. Kg2 Ke7 47. Kf3 Ke6 48. h5 1-0

[Event "EOBCC 2020"]
[Site "Online"]
[Date "2020.12.18"]
[Round "6.138"]
[White "Hirneise, Jens"]
[Black "Silich, Yahor"]
[Result "1-0"]
[WhiteElo "2289"]
[BlackElo "2330"]
[Annotator "NA"]
[PlyCount "61"]
[EventDate "2020.12.18"]
[EventType "tourn"]
[EventCountry "NET"]
[SourceTitle "playchess.com"]
[Source "ChessBase"]
[SourceQuality "1"]

1. e4 c5 2. Nf3 Nc6 3. d4 cxd4 4. Nxd4 g6 5. Nc3 Bg7 6. Be3 Nf6 7. Bc4 O-O 8. Bb3 d6 9. h3 Na5 10. O-O b6 11. Re1 Bb7 12. Bg5 Qd7 13. Qd2 Rac8 14. Rad1 Nc4 15. Bxc4 Rxc4 16. Qe3 Rxc3 17. Qxc3 Nxe4 18. Qe3 f5 19. f3 Nxg5 20. Qxg5 e5 21. Nb3 d5 22. Qd2 Qc6 23. c3 Rd8 24. f4 d4 25. fxe5 Bh6 26. Qf2 d3 27. Nd4 Qc4 28. e6 Be4 29. Rxe4 fxe4 30. Qf7+ Kh8 31. Qf6+ 1-0

[Event "EOBCC 2020"]
[Site "Online"]
[Date "2020.12.18"]
[Round "6.139"]
[White "Goraj, Barbara"]
[Black "Vyprachticky, David"]
[Result "1-0"]
[WhiteElo "2078"]
[BlackElo "2326"]
[Annotator "NA"]
[PlyCount "67"]
[EventDate "2020.12.18"]
[EventType "tourn"]
[EventCountry "NET"]
[SourceTitle "playchess.com"]
[Source "ChessBase"]
[SourceQuality "1"]

1. e4 e5 2. Nf3 Nc6 3. Bb5 a6 4. Bxc6 dxc6 5. O-O Bg4 6. h3 Bh5 7. d3 f6 8. Be3 c5 9. Nbd2 Bd6 10. c3 Ne7 11. Qb3 b6 12. d4 cxd4 13. cxd4 Bf7 14. Qc2 Ng6 15. Qc6+ Ke7 16. dxe5 Nxe5 17. Nxe5 Bxe5 18. Nf3 Qd6 19. Nxe5 Qxe5 20. Rac1 Rac8 21. Qb7 Rhd8 22. Bxb6 Qb5 23. Rxc7+ Rxc7 24. Qxc7+ Rd7 25. Bc5+ Ke6 26. Qc8 Qb7 27. Qh8 Bg6 28. Qg8+ Rf7 29. Qe8+ Re7 30. Qxe7+ Qxe7 31. Bxe7 Kxe7 32. f3 Bf7 33. a3 Kd6 34. Rc1 1-0

[Event "EOBCC 2020"]
[Site "Online"]
[Date "2020.12.18"]
[Round "6.140"]
[White "Parol, Pola"]
[Black "Dylag, Emilia"]
[Result "0-1"]
[WhiteElo "2069"]
[BlackElo "2082"]
[Annotator "NA"]
[PlyCount "86"]
[EventDate "2020.12.18"]
[EventType "tourn"]
[EventCountry "NET"]
[SourceTitle "playchess.com"]
[Source "ChessBase"]
[SourceQuality "1"]

1. e4 c5 2. Nf3 d6 3. d4 cxd4 4. Nxd4 Nf6 5. Nc3 a6 6. a4 e5 7. Nf3 h6 8. Bc4 Be7 9. O-O O-O 10. h3 Nc6 11. Be3 Nb4 12. Nd2 Be6 13. Bxe6 fxe6 14. Nc4 Rc8 15. Nb6 Rc6 16. a5 d5 17. exd5 exd5 18. Na2 Nxc2 19. Rc1 Nxe3 20. fxe3 Bc5 21. Qd3 Bxb6 22. axb6 Qxb6 23. Rxc6 Qxc6 24. Rc1 Qb6 25. Nc3 Rd8 26. Na4 Qb4 27. b3 d4 28. exd4 exd4 29. Rd1 b5 30. Nb2 Qc5 31. Kh1 Nh5 32. Rf1 Qe5 33. Kg1 Nf4 34. Qf3 Ne2+ 35. Kh1 Ng3+ 36. Kg1 Nxf1 37. Qxf1 Rf8 38. Qd3 Qe3+ 39. Qxe3 dxe3 40. Nd3 Rd8 41. Nf4 Rd2 42. Kf1 Rf2+ 43. Ke1 Rxf4 0-1

[Event "EOBCC 2020"]
[Site "Online"]
[Date "2020.12.18"]
[Round "7.1"]
[White "Bluebaum, Matthias"]
[Black "Ozen, Deniz"]
[Result "1/2-1/2"]
[WhiteElo "2672"]
[BlackElo "2412"]
[Annotator "TA"]
[PlyCount "54"]
[EventDate "2020.12.18"]
[EventType "tourn"]
[EventCountry "NET"]
[SourceTitle "playchess.com"]
[Source "ChessBase"]
[SourceQuality "1"]

1. d4 d5 2. c4 c6 3. Nc3 Nf6 4. e3 Bf5 5. cxd5 cxd5 6. Qb3 Nc6 7. Qxb7 Bd7 8. Qb3 Rb8 9. Qd1 e5 10. Nf3 Bd6 11. dxe5 Nxe5 12. Be2 Nxf3+ 13. Bxf3 O-O 14. O-O Qc7 15. h3 Rfd8 16. Nxd5 Nxd5 17. Bxd5 Bb5 18. e4 Bxf1 19. Qxf1 Bh2+ 20. Kh1 Be5 21. Rb1 h6 22. b4 Bf4 23. Bxf4 Qxf4 24. Kg1 Kh8 25. g3 Qd2 26. Qc1 Qxc1+ 27. Rxc1 Rxb4 1/2-1/2

[Event "EOBCC 2020"]
[Site "Online"]
[Date "2020.12.18"]
[Round "7.2"]
[White "Navara, David"]
[Black "Demidov, Mikhail"]
[Result "0-1"]
[WhiteElo "2697"]
[BlackElo "2526"]
[Annotator "TA"]
[PlyCount "128"]
[EventDate "2020.12.18"]
[EventType "tourn"]
[EventCountry "NET"]
[SourceTitle "playchess.com"]
[Source "ChessBase"]
[SourceQuality "1"]

1. e4 Nf6 2. e5 Nd5 3. d4 d6 4. Nf3 Nb6 5. a4 a5 6. exd6 exd6 7. Bd3 Be7 8. h3 O-O 9. O-O Nc6 10. c3 Bf6 11. Qc2 h6 12. Nbd2 d5 13. b3 Re8 14. Ba3 Be6 15. Rfe1 Qd7 16. Nf1 Be7 17. Bxe7 Rxe7 18. Ng3 Rae8 19. Re3 Qd6 20. Rae1 Bc8 21. Qc1 Rxe3 22. Rxe3 Rxe3 23. Qxe3 Qe7 24. Qf4 Nd8 25. Ne5 Qg5 26. Qf3 c6 27. Ne2 Nd7 28. Ng4 Nf8 29. Kh2 Ng6 30. Ne3 Nh4 31. Qf4 Qxf4+ 32. Nxf4 Ne6 33. Nxe6 Bxe6 34. Kg3 g5 35. f4 f5 36. b4 b6 37. bxa5 bxa5 38. Nf1 Ng6 39. fxg5 hxg5 40. Nd2 Nf4 41. Bf1 Nh5+ 42. Kf2 Nf6 43. Bd3 Ne4+ 44. Bxe4 dxe4 45. g3 Kf7 46. Ke3 Kg6 47. c4 Kf6 48. Nb3 Bxc4 49. Nxa5 Bd5 50. Nb7 Ke7 51. a5 Kd7 52. a6 Kc7 53. Nc5 Kb6 54. h4 f4+ 55. Ke2 Bc4+ 56. Ke1 gxh4 57. gxh4 e3 58. h5 f3 59. Ne4 Bd3 60. Nf2 exf2+ 61. Kxf2 Kxa6 62. h6 Kb5 63. Kxf3 Kc4 64. Ke3 Bh7 0-1

[Event "EOBCC 2020"]
[Site "Online"]
[Date "2020.12.18"]
[Round "7.3"]
[White "Hovhannisyan, Robert"]
[Black "Karpus, Michal"]
[Result "1-0"]
[WhiteElo "2642"]
[BlackElo "2311"]
[Annotator "ChessBase"]
[PlyCount "115"]
[EventDate "2020.12.18"]
[EventType "tourn"]
[EventCountry "NET"]
[SourceTitle "playchess.com"]
[Source "ChessBase"]
[SourceQuality "1"]

1. e4 e5 2. Nf3 Nc6 3. Nc3 Nf6 4. d4 exd4 5. Nxd4 Bb4 6. Nxc6 bxc6 7. Bd3 d5 8. exd5 cxd5 9. O-O O-O 10. Bg5 c6 11. Qf3 Bd6 12. Rae1 Rb8 13. Nd1 Be6 14. b3 h6 15. Bxf6 Qxf6 16. Qxf6 gxf6 17. Ne3 a5 18. Nf5 Bxf5 19. Bxf5 a4 20. g3 axb3 21. axb3 Bb4 22. Ra1 Ra8 23. Bd7 c5 24. Bc6 Rxa1 25. Rxa1 Rd8 26. Kg2 Rd6 27. Bb7 Rd7 28. Bc6 Rd6 29. Bb5 Rb6 30. Bd3 Kg7 31. Ra7 Rc6 32. Rb7 c4 33. Bxc4 dxc4 34. Rxb4 cxb3 35. cxb3 Rc3 36. Rg4+ Kh7 37. b4 Rb3 38. Rf4 Kg6 39. Kf1 Rb2 40. Ke1 f5 41. Kd1 Kf6 42. Kc1 Ra2 43. b5 Ra7 44. Rb4 Rb7 45. b6 Ke5 46. Kd2 Kd5 47. Ke3 Ke5 48. Rb5+ Ke6 49. Kf4 f6 50. h4 h5 51. Rb4 Ke7 52. Kxf5 Kf7 53. Rb5 Ke7 54. Kg6 Ke6 55. f4 Ke7 56. Kxh5 Ke6 57. Kg6 Ke7 58. h5 1-0

[Event "EOBCC 2020"]
[Site "Online"]
[Date "2020.12.18"]
[Round "7.4"]
[White "Hakobyan, Aram"]
[Black "Wojtaszek, Radoslaw"]
[Result "0-1"]
[WhiteElo "2598"]
[BlackElo "2705"]
[Annotator "TA"]
[PlyCount "64"]
[EventDate "2020.12.18"]
[EventType "tourn"]
[EventCountry "NET"]
[SourceTitle "playchess.com"]
[Source "ChessBase"]
[SourceQuality "1"]

1. c4 Nf6 2. b3 c6 3. Nf3 d5 4. Bb2 Bg4 5. g3 e6 6. Bg2 Nbd7 7. h3 Bh5 8. d3 Bd6 9. O-O O-O 10. Nbd2 a5 11. a3 Qe7 12. Ra2 e5 13. Nh4 Qe6 14. g4 Bg6 15. Nxg6 hxg6 16. e3 Rfe8 17. g5 Nh7 18. h4 Nc5 19. cxd5 cxd5 20. d4 Nd3 21. Ba1 e4 22. f3 f5 23. gxf6 Nxf6 24. fxe4 dxe4 25. Nxe4 Nxe4 26. Qxd3 Qg4 27. Qe2 Qg3 28. Rf3 Qh2+ 29. Kf1 Ng3+ 30. Rxg3 Qxg3 31. e4 Rf8+ 32. Kg1 Qh2# 0-1

[Event "EOBCC 2020"]
[Site "Online"]
[Date "2020.12.18"]
[Round "7.5"]
[White "Pantsulaia, Levan"]
[Black "Jones, Gawain C B"]
[Result "1-0"]
[WhiteElo "2553"]
[BlackElo "2670"]
[Annotator "TA"]
[PlyCount "141"]
[EventDate "2020.12.18"]
[EventType "tourn"]
[EventCountry "NET"]
[SourceTitle "playchess.com"]
[Source "ChessBase"]
[SourceQuality "1"]

1. g3 c5 2. Bg2 g6 3. c4 Bg7 4. Nc3 Nc6 5. Nf3 d6 6. O-O Nf6 7. d4 O-O 8. dxc5 dxc5 9. Be3 Qa5 10. Qa4 Qxa4 11. Nxa4 b6 12. Rad1 Bf5 13. Nc3 Rac8 14. Nh4 Be6 15. Nd5 Ng4 16. Bc1 Rfe8 17. b3 Nd4 18. Rd2 Kf8 19. e3 Nc6 20. Nf3 Nf6 21. Ng5 Nd8 22. Nxf6 exf6 23. Ne4 Nb7 24. Bb2 f5 25. Nf6 Bxf6 26. Bxf6 Na5 27. Rd6 Rc7 28. Rfd1 Nb7 29. R6d3 Bc8 30. h4 h6 31. f4 Re6 32. Be5 Rce7 33. Kf2 Rxe5 34. fxe5 Rxe5 35. Bc6 Re7 36. Rd8+ Nxd8 37. Rxd8+ Kg7 38. Rxc8 g5 39. hxg5 hxg5 40. Bd5 Kf6 41. Rb8 Ke5 42. Rb7 Re8 43. Rxf7 Rh8 44. Rxa7 Rh2+ 45. Bg2 f4 46. exf4+ gxf4 47. gxf4+ Kxf4 48. Ra6 Rh6 49. a4 Rd6 50. Bd5 Rh6 51. a5 Rh2+ 52. Kg1 Rb2 53. Rxb6 Kg3 54. Kf1 Kf4 55. a6 Ra2 56. Ke1 Ke3 57. Kd1 Kd4 58. Kc1 Kc3 59. Kb1 Rb2+ 60. Ka1 Kc2 61. Rb5 Rb1+ 62. Ka2 Rb2+ 63. Ka3 Kc3 64. Rxc5 Rxb3+ 65. Ka4 Rb1 66. Ka5 Kd4 67. Rb5 Ra1+ 68. Kb6 Rg1 69. a7 Rg6+ 70. Bc6 Rg8 71. a8=Q 1-0

[Event "EOBCC 2020"]
[Site "Online"]
[Date "2020.12.18"]
[Round "7.6"]
[White "Cheparinov, Ivan"]
[Black "Suleymanli, Aydin"]
[Result "0-1"]
[WhiteElo "2688"]
[BlackElo "2512"]
[Annotator "TA"]
[PlyCount "100"]
[EventDate "2020.12.18"]
[EventType "tourn"]
[EventCountry "NET"]
[SourceTitle "playchess.com"]
[Source "ChessBase"]
[SourceQuality "1"]

1. Nf3 d5 2. e3 Nf6 3. c4 c6 4. d4 g6 5. Nc3 Bg7 6. Be2 O-O 7. O-O e6 8. b3 b6 9. Ba3 Re8 10. Ne5 Nfd7 11. f4 f6 12. Nxd7 Qxd7 13. e4 dxe4 14. Nxe4 f5 15. Nd6 Rd8 16. Bf3 Na6 17. Rc1 Nc7 18. Re1 Ba6 19. Qd2 Bf8 20. c5 Nb5 21. Nxb5 Bxb5 22. Red1 Rac8 23. Qe3 Re8 24. Bb2 Bg7 25. Bc3 Ba6 26. a4 Bb7 27. b4 Bh6 28. g3 Qe7 29. Re1 g5 30. Be2 gxf4 31. gxf4 Bg7 32. Kf2 Bf6 33. Rg1+ Kh8 34. Bc4 Rcd8 35. Rg3 bxc5 36. dxc5 Bc8 37. Rcg1 Rf8 38. Rg7 Qxg7 39. Rxg7 Kxg7 40. Bxf6+ Rxf6 41. Qe5 Kg6 42. Qc7 Rd4 43. Qxc8 Rxf4+ 44. Ke3 Rxc4 45. Qxc6 Rxb4 46. Qe8+ Kh6 47. c6 Rc4 48. Qd8 Rf7 49. Qd6 Kg7 50. Qxe6 Re4+ 0-1

[Event "EOBCC 2020"]
[Site "Online"]
[Date "2020.12.18"]
[Round "7.7"]
[White "Jovanovic, Zoran"]
[Black "Yilmaz, Mustafa"]
[Result "0-1"]
[WhiteElo "2517"]
[BlackElo "2630"]
[Annotator "ChessBase"]
[PlyCount "92"]
[EventDate "2020.12.18"]
[EventType "tourn"]
[EventCountry "NET"]
[SourceTitle "playchess.com"]
[Source "ChessBase"]
[SourceQuality "1"]

1. e4 c5 2. Nc3 e6 3. Nge2 Nc6 4. g3 Nf6 5. Bg2 Qc7 6. O-O a6 7. d3 d6 8. f4 Be7 9. h3 b5 10. f5 b4 11. Nb1 O-O 12. g4 Nd7 13. Nf4 Nde5 14. Nd2 a5 15. Nf3 a4 16. Be3 Bf6 17. Rb1 Nxf3+ 18. Qxf3 a3 19. b3 Bd4 20. Nh5 f6 21. Kh1 Bxe3 22. Qxe3 Nd4 23. Rf2 Bb7 24. fxe6 Rae8 25. g5 fxg5 26. Rxf8+ Rxf8 27. Qxg5 Nxe6 28. Qg3 Nd4 29. Nf4 Qe7 30. Nd5 Qe5 31. Qxe5 dxe5 32. Ne3 Rf2 33. Rc1 Re2 34. Nc4 Rxc2 35. Rxc2 Nxc2 36. Nxe5 Nd4 37. Nc4 Nxb3 38. Nd6 Bc6 39. e5 Bxg2+ 40. Kxg2 Nd4 41. Ne4 b3 42. Nc3 b2 43. Nb1 Nb5 44. Kf3 Kf7 45. Ke4 Ke6 46. Nd2 Nc3+ 0-1

[Event "EOBCC 2020"]
[Site "Online"]
[Date "2020.12.18"]
[Round "7.8"]
[White "Dourerassou, Jonathan"]
[Black "Petrosyan, Manuel"]
[Result "0-1"]
[WhiteElo "2477"]
[BlackElo "2628"]
[Annotator "ChessBase"]
[PlyCount "114"]
[EventDate "2020.12.18"]
[EventType "tourn"]
[EventCountry "NET"]
[SourceTitle "playchess.com"]
[Source "ChessBase"]
[SourceQuality "1"]

1. e4 c6 2. d4 d5 3. Nc3 dxe4 4. Nxe4 Bf5 5. Nc5 b6 6. Nb3 e6 7. Nf3 Be7 8. Bd3 Bxd3 9. Qxd3 Nd7 10. a4 Ngf6 11. O-O O-O 12. a5 Qc7 13. Be3 Rfd8 14. Qc4 Nd5 15. Bd2 b5 16. Qe2 a6 17. c4 bxc4 18. Qxc4 Rdb8 19. Rfc1 Qb7 20. Nc5 Nxc5 21. dxc5 Qxb2 22. h3 Bf6 23. Ra2 Qb3 24. Bg5 Qxc4 25. Rxc4 Bxg5 26. Nxg5 Rb1+ 27. Kh2 Rab8 28. Nf3 Rc8 29. Nd4 g6 30. Kg3 e5 31. Nf3 f6 32. Nd2 Rg1 33. Ne4 Rb8 34. Rd2 Kf7 35. Nc3 Rc1 36. Ne4 Rxc4 37. Nd6+ Ke6 38. Nxc4 Rb5 39. Nd6 Rxc5 40. Ne4 Rc4 41. f3 h6 42. Rb2 f5 43. Nd2 Rc5 44. Rb7 Rxa5 45. Ra7 Ra2 46. Nc4 Nf4 47. Ne3 Re2 48. Rxa6 Rxe3 49. Rxc6+ Kd7 50. Rc2 Re2 51. Rxe2 Nxe2+ 52. Kh4 Ke6 53. g4 fxg4 54. hxg4 Kf6 55. Kh3 Kg5 56. Kg2 Kf4 57. Kf2 Nd4 0-1

[Event "EOBCC 2020"]
[Site "Online"]
[Date "2020.12.18"]
[Round "7.9"]
[White "Onischuk, Vladimir"]
[Black "Bazeev, German"]
[Result "1-0"]
[WhiteElo "2633"]
[BlackElo "2398"]
[Annotator "ChessBase"]
[PlyCount "73"]
[EventDate "2020.12.18"]
[EventType "tourn"]
[EventCountry "NET"]
[SourceTitle "playchess.com"]
[Source "ChessBase"]
[SourceQuality "1"]

1. e4 c6 2. d4 d5 3. Nc3 dxe4 4. Nxe4 Nf6 5. Nxf6+ exf6 6. c3 Bd6 7. Bd3 O-O 8. Ne2 Re8 9. Qc2 h5 10. O-O Qc7 11. h3 Nd7 12. Be3 Nf8 13. Rad1 Ne6 14. Rfe1 Bd7 15. a3 Ng5 16. c4 Bxh3 17. gxh3 Nf3+ 18. Kg2 Nh4+ 19. Kh1 Qd7 20. Ng1 Re7 21. Bc1 Rae8 22. Rxe7 Rxe7 23. f4 g6 24. Qf2 Nf5 25. Nf3 Bc7 26. Kg2 Kg7 27. b4 a5 28. d5 cxd5 29. Bxf5 Qxf5 30. cxd5 Bd6 31. bxa5 Qc8 32. Bb2 Rc7 33. Qd4 Rc2+ 34. Rd2 Rxd2+ 35. Nxd2 Qf5 36. Ne4 Qxf4 37. Qxf6+ 1-0

[Event "EOBCC 2020"]
[Site "Online"]
[Date "2020.12.18"]
[Round "7.10"]
[White "Indjic, Aleksandar"]
[Black "Muradli, Mahammad"]
[Result "1-0"]
[WhiteElo "2604"]
[BlackElo "2449"]
[Annotator "ChessBase"]
[PlyCount "91"]
[EventDate "2020.12.18"]
[EventType "tourn"]
[EventCountry "NET"]
[SourceTitle "playchess.com"]
[Source "ChessBase"]
[SourceQuality "1"]

1. d4 Nf6 2. c4 g6 3. Nc3 Bg7 4. Nf3 O-O 5. Bg5 d6 6. e3 c5 7. d5 e6 8. Nd2 exd5 9. cxd5 Na6 10. e4 Re8 11. Be2 Bd7 12. a4 Nb4 13. O-O a6 14. a5 Qc7 15. Re1 Rad8 16. Bh4 h6 17. Bg3 Bc8 18. h3 Nd7 19. Nc4 Ne5 20. Nb6 Nd7 21. Nc4 Ne5 22. Nxe5 Bxe5 23. Bxe5 Rxe5 24. f4 Ree8 25. Bc4 f6 26. Qd2 Kg7 27. g4 Re7 28. Re2 Rde8 29. b3 Bd7 30. Qb2 Rf8 31. Rg2 Kh7 32. Kh2 Qd8 33. h4 Ree8 34. Qf2 Qc7 35. Qg3 Bc8 36. Re2 Qd7 37. Rg1 Qc7 38. g5 fxg5 39. hxg5 h5 40. e5 Bf5 41. Rge1 Qxa5 42. exd6 Rxe2+ 43. Rxe2 Qd8 44. Re7+ Kh8 45. Ne4 Bxe4 46. Qc3+ 1-0

[Event "EOBCC 2020"]
[Site "Online"]
[Date "2020.12.18"]
[Round "7.11"]
[White "Steinberg, Nitzan"]
[Black "Van Foreest, Jorden"]
[Result "1/2-1/2"]
[WhiteElo "2553"]
[BlackElo "2671"]
[Annotator "TA"]
[PlyCount "113"]
[EventDate "2020.12.18"]
[EventType "tourn"]
[EventCountry "NET"]
[SourceTitle "playchess.com"]
[Source "ChessBase"]
[SourceQuality "1"]

1. e4 e5 2. Nf3 Nc6 3. Bb5 g6 4. c3 d6 5. d4 Bd7 6. O-O Bg7 7. Re1 Nf6 8. h3 O-O 9. d5 Ne7 10. Bxd7 Nxd7 11. c4 h6 12. Nc3 f5 13. Rb1 a5 14. a3 Nf6 15. b4 axb4 16. axb4 Qd7 17. Nd2 c6 18. dxc6 Nxc6 19. b5 Nd4 20. Bb2 Rac8 21. Ra1 Ra8 22. Nb3 Qf7 23. Rxa8 Rxa8 24. Nxd4 exd4 25. Nd5 fxe4 26. Bxd4 Nxd5 27. Bxg7 Kxg7 28. cxd5 Qf6 29. Qc2 e3 30. Rxe3 Ra1+ 31. Kh2 h5 32. Re6 Qf4+ 33. g3 Qf5 34. Qxf5 gxf5 35. Rxd6 Rd1 36. Kg2 Rd3 37. Rd7+ Kf6 38. Rxb7 Rxd5 39. Kf3 Rd3+ 40. Ke2 Rb3 41. h4 f4 42. gxf4 Kf5 43. b6 Kxf4 44. Rh7 Rb2+ 45. Kd3 Rb3+ 46. Kd4 Rxb6 47. Rxh5 Rd6+ 48. Kc5 Rd8 49. Rh7 Kg4 50. Kc6 Rf8 51. Kd6 Rxf2 52. h5 Kg5 53. h6 Kg6 54. Rh8 Rf7 55. Ke5 Ra7 56. Rg8+ Kxh6 57. Rg4 1/2-1/2

[Event "EOBCC 2020"]
[Site "Online"]
[Date "2020.12.18"]
[Round "7.12"]
[White "Sjugirov, Sanan"]
[Black "Theodorou, Nikolas"]
[Result "0-1"]
[WhiteElo "2663"]
[BlackElo "2554"]
[Annotator "TA"]
[PlyCount "84"]
[EventDate "2020.12.18"]
[EventType "tourn"]
[EventCountry "NET"]
[SourceTitle "playchess.com"]
[Source "ChessBase"]
[SourceQuality "1"]

1. d4 Nf6 2. Bg5 d5 3. Bxf6 exf6 4. e3 Bd6 5. g3 c6 6. Nd2 O-O 7. Bg2 b5 8. Ne2 Nd7 9. a4 b4 10. O-O a5 11. c4 bxc3 12. bxc3 Nb6 13. Re1 Ba6 14. Bf1 c5 15. dxc5 Bxc5 16. Nd4 Bxf1 17. Rxf1 Qd7 18. Nb5 Rfc8 19. Qc2 h5 20. Qd3 Bf8 21. Rfd1 Rab8 22. Rdb1 h4 23. Nf3 h3 24. Nd2 Qc6 25. Qf1 Qd7 26. Rb3 g6 27. Rbb1 Bc5 28. Ra2 Re8 29. Nb3 Bf8 30. Nxa5 Ra8 31. Nb3 Nxa4 32. N3d4 Nc5 33. Rba1 Rxa2 34. Rxa2 Ne4 35. Ra7 Qc8 36. Rc7 Qg4 37. f3 Qg5 38. fxe4 Qxe3+ 39. Qf2 Qc1+ 40. Qf1 Qe3+ 41. Qf2 Qxe4 42. Qxf6 Qg2# 0-1

[Event "EOBCC 2020"]
[Site "Online"]
[Date "2020.12.18"]
[Round "7.14"]
[White "Saric, Ivan"]
[Black "Smirnov, Pavel"]
[Result "0-1"]
[WhiteElo "2652"]
[BlackElo "2544"]
[Annotator "TA"]
[PlyCount "86"]
[EventDate "2020.12.18"]
[EventType "tourn"]
[EventCountry "NET"]
[SourceTitle "playchess.com"]
[Source "ChessBase"]
[SourceQuality "1"]

1. e4 c5 2. Nf3 Nc6 3. Bb5 g6 4. Bxc6 bxc6 5. O-O Bg7 6. Re1 Nh6 7. c3 O-O 8. d4 cxd4 9. cxd4 d5 10. e5 f6 11. e6 Qd6 12. Qe2 c5 13. Nc3 Nf5 14. dxc5 Qxc5 15. Bf4 d4 16. Nb5 Ba6 17. a4 g5 18. Rec1 Qd5 19. Bd2 d3 20. Qe1 Bxb5 21. axb5 g4 22. Ra5 Qb3 23. b6 Nd6 24. Nd4 Qxb6 25. Nc6 Rfe8 26. Bb4 Kh8 27. Rh5 Rac8 28. Bxd6 Rxc6 29. Bc5 Qxb2 30. Rd1 Qc2 31. Rd2 Qc3 32. h3 Rxc5 33. Rh4 f5 34. hxg4 Re5 35. Qd1 Rc8 36. Rxd3 Re1+ 37. Kh2 Qe5+ 38. f4 Qxf4+ 39. g3 Qf2+ 40. Kh3 Rxd1 41. Rxd1 fxg4+ 42. Rxg4 Qf5 43. Re1 h5 0-1

[Event "EOBCC 2020"]
[Site "Online"]
[Date "2020.12.18"]
[Round "7.15"]
[White "Gunnarsson, Arnar"]
[Black "Sarana, Alexey"]
[Result "0-1"]
[WhiteElo "2420"]
[BlackElo "2636"]
[Annotator "ChessBase"]
[PlyCount "40"]
[EventDate "2020.12.18"]
[EventType "tourn"]
[EventCountry "NET"]
[SourceTitle "playchess.com"]
[Source "ChessBase"]
[SourceQuality "1"]

1. c4 Nf6 2. Nc3 e5 3. Nf3 Nc6 4. e3 Bb4 5. Nd5 e4 6. Ng1 O-O 7. Qc2 Re8 8. Ne2 Bf8 9. a3 b6 10. Ng3 Bb7 11. Nxf6+ Qxf6 12. Nxe4 Qg6 13. d3 Ne5 14. Ng3 Rad8 15. Qc3 d5 16. cxd5 Rxd5 17. d4 Ng4 18. Qxc7 Rxd4 19. Qxb7 Qc2 20. Qf3 Rd1+ 0-1

[Event "EOBCC 2020"]
[Site "Online"]
[Date "2020.12.18"]
[Round "7.16"]
[White "Meier, Georg"]
[Black "Iskandarov, Misratdin"]
[Result "1-0"]
[WhiteElo "2628"]
[BlackElo "2535"]
[Annotator "ChessBase"]
[PlyCount "49"]
[EventDate "2020.12.18"]
[EventType "tourn"]
[EventCountry "NET"]
[SourceTitle "playchess.com"]
[Source "ChessBase"]
[SourceQuality "1"]

1. Nf3 Nf6 2. g3 g6 3. Bg2 Bg7 4. O-O O-O 5. d4 d6 6. b3 e5 7. dxe5 Ng4 8. Bg5 Qe8 9. Nc3 c6 10. Qxd6 Nxe5 11. Ne4 Nxf3+ 12. exf3 Qe6 13. Rad1 Na6 14. Rfe1 Qxd6 15. Nxd6 f6 16. Bd2 Rd8 17. Ba5 b6 18. Bc3 Nc7 19. f4 Bg4 20. Rd2 Nd5 21. Rxd5 cxd5 22. Bxd5+ Kf8 23. Bb4 a5 24. Ba3 b5 25. Nxb5+ 1-0